NBA Playoffs Matchup - Statistics

General Stats
  • This quiz has been taken 21 times
  • The average score is 44 of 80
Answer Stats
Hint Answer % Correct
SG Donovan Mitchell
100%
#1 Cavaliers PG Darius Garland
94%
Pf Evan Mobley
89%
SG Tyler Herro
89%
PF Bam Adebayo
83%
C Jarrett Allen
83%
#4 Pacers PG Tyrese Haliburton
83%
C Draymond Green
78%
SG Jalen Green
78%
SG Jalen Williams
78%
Pf Jimmy Butler
78%
Sf Josh Hart
78%
Pf LeBron James
78%
SG Anthony Edwards
72%
#6 Pistons PG Cade Cunningham
72%
Pf Chet Holmgren
72%
#5 Bucks PG Damian Lillard
72%
Pf Giannis Antetokounmpo
72%
#3 Knicks PG Jalen Brunson
72%
#8 Grizzlies PG Ja Morant
72%
Pf Jaren Jackson Jr.
72%
Sf Jaylen Brown
72%
Pf Jayson Tatum
72%
C Karl-Anthony Towns
72%
Pf Kawhi Leonard
72%
#3 Lakers PG Luka Doncic
72%
Pf Paolo Banchero
72%
Pf Pascal Siakam
72%
#1 Thunder PG 👑 Shai Gilgeous-Alexander
72%
#7 Warriors PG Stephen Curry
72%
SG Derrick White
67%
Sf Franz Wagner
67%
C Isaiah Hartenstein
67%
C Ivica Zubac
67%
#4 Nuggets PG Jamal Murray
67%
#5 Clippers PG James Harden
67%
#2 Celtics PG Jrue Holiday
67%
Sf Luguentz Dort
67%
C Myles Turner
67%
C Nikola Jokic
67%
C Rudy Gobert
67%
Pf Aaron Gordon
61%
C Al Horford
61%
C Alperen Sengun
61%
SF Andrew Wiggins
61%
Sf Ausar Thompson
61%
SG Austin Reaves
61%
C Brook Lopez
61%
Pf Julius Randle
61%
Sf Rui Hachimura
61%
Sf Michael Porter Jr.
56%
#6 Timberwolves PG Mike Conley
56%
SG Mikal Bridges
50%
Pf OG Anunoby
50%
Sf Desmond Bane
44%
#2 Rockets PG Fred VanVleet
44%
C Jalen Duren
44%
C Zach Edey
44%
Sf Norman Powell
39%
Sf Jaden McDaniels
33%
Sf Kyle Kuzma
33%
SG Brandin Podziemski
28%
Pf Dillon Brooks
28%
SG Kentavious Caldwell-Pope
28%
Pf Tobias Harris
28%
SG Andrew Nembhard
22%
C Wendell Carter Jr.
22%
Sf Aaron Nesmith
17%
Sf Amen Thompson
17%
SG Gary Trent Jr.
17%
C Jaxson Hayes
17%
SG Tim Hardaway Jr.
17%
SG Christian Braun
11%
SG Kris Dunn
11%
C Kel'el Ware
6%
Sf Max Strus
6%
SG Scotty Pippen Jr.
6%
#7 Magic PG Cory Joseph
0%
#10 Heat PG Davion Mitchell
0%
Sf Moses Moody
0%
No matching quizzes found
Score Distribution
Percent of People with Each Score
Percentile by Number Answered
Your Score History
You have not taken this quiz